| 000 | 00699nam a22002177a 4500 | ||
|---|---|---|---|
| 005 | 20251028063947.0 | ||
| 008 | 250220s2000 sp|a|||g |||| 00| f spa d | ||
| 020 | _a8495787091 | ||
| 040 |
_aMX-MxUPN _c |
||
| 050 |
_aBF637 C4 J6.6 _b2000 |
||
| 100 |
_aJohnson, Spencer _955880 |
||
| 245 |
_a¿Quién se ha llevado mi queso?. _bUna manera sorprendente de afrontar el cambio en el trabajo y en la vida privada |
||
| 250 | _a31a edición, | ||
| 260 |
_aBarcelona : _bUrano, _c2000 |
||
| 300 | _a106 pág. | ||
| 490 | _aEmpresa Activa | ||
| 500 | _aDonación | ||
| 650 | 4 |
_aSuperación personal _921547 |
|
| 902 |
_aMarisolLicea/20022025 _bMaiella Martínez / 11032025 |
||
| 942 |
_2lcc _cLIBRO |
||
| 999 |
_c212626 _d212626 |
||